• 首页
  • 本馆介绍
  • 公告通知
  • 最新文献
  • 馆藏检索
  • 电子资源
  • 读者导购
  • 参考咨询
  • 我的图书馆
  • 登录
  • 详细信息显示
  • 放入我的书架
  • 预约/预借图书
  • 作者相关作品
  • 分类相关作品
  • 丛书相关作品
  • 出版社相关作品

书目信息

  • 表格格式
  • 工作单格式
  • 卡片格式
题名:
油画艺术欣赏
    
 
作者: 吴达志 , 沈莹 著
分册:  
出版信息: 太原   山西教育出版社  1997
页数: 231页
开本: 19cm
丛书名: 美育丛书
单 册:
中图分类: J213 , G40-014
科图分类:
主题词: 油画--鉴赏--世界--青年读物 , 教育学
电子资源:
ISBN: 7-5440-0600-X
000 00931nam2 2200313 45
001 0196020886
005 20061110152923.67
010    @a7-5440-0600-X@dCNY10
100    @a19950718d1997 y0chiy0121 ea
101 0  @achi
102    @aCN@b140000
105    @af z 000yy
106    @ar
200 10 @a油画艺术欣赏@AYOU HUA YI SHU XIN SHANG@f吴达志,沈 莹著@FWU DA ZHI , SHEN YING ZHU
210    @a太原@c山西教育出版社@d1997
215    @a231页@c彩图@d19cm
225 2  @a美育丛书@i美术系列
300    @a国家“八五”规划重点图书
304    @a吴达志(1925~ ),贵州绥阳人,中央工艺美院教授
304    @a沈莹(1972~ ),女,安徽人,美国堪萨斯大学硕士
410  0 @120010@a美育丛书
606    @a油画@x鉴赏@y世界@x青年读物
606 0  @a教育学
690    @aJ213@v3
690    @aG40-014
701  0 @a吴达志@AWU DA ZHI@4著
701  0 @a沈莹@ASHEN YING@4著
801  0 @aCN@bNLC@c20061110
905    @f3@b276647-649@dG40-014@e193:3
    
    油画艺术欣赏/吴达志,沈 莹著.-太原:山西教育出版社,1997
    231页:彩图;19cm.-(美育丛书.美术系列)
    国家“八五”规划重点图书
    
    ISBN 7-5440-0600-X:CNY10
    
●
相关链接 在E读中查询图书 在五车中查询图书 在当当中查询图书 在豆瓣中查询图书


正题名:油画艺术欣赏     索取号:G40-014/193:3         预约/预借

序号 登录号 条形码 馆藏地/架位号 状态 备注
1 0275415   002056198   第一样本阅览室/ [索取号:G40-014/193:3] 在馆    
2 0276647   001499159   密集书库/ [索取号:G40-014/193:3] 在馆    
3 0276648   001499195   密集书库/ [索取号:G40-014/193:3] 在馆    
4 0276649   001496081   密集书库/ [索取号:G40-014/193:3] 在馆    
唐山师范学院图书馆 欢迎您!
大连网信软件有限公司© 版权所有